000
00347pab a2200157 454500
008
180718b2000 xxu||||| |||| 00| 0 eng d
100
_a
Riberio, Julio
245
_a
Value system and the police
260
_c
2000
300
_a
p.11
362
_a
30 Nov
650
_a
Police - India
650
_a
Police
773
_a
Tribune
909
_a
48011
999
_c
48011
_d
48011